|
|
|
|
| LEADER |
00000nam0a2200000 4500 |
| 001 |
274283 |
| 005 |
20231101234719.0 |
| 020 |
|
|
|a RU
|b 85-70996
|
| 035 |
|
|
|a (RuTPU)RU\TPU\book\297493
|
| 090 |
|
|
|a 274283
|
| 100 |
|
|
|a 20141101d1985 m y0rusy5003 ca
|
| 101 |
0 |
|
|a eng
|a rus
|
| 102 |
|
|
|a RU
|
| 105 |
|
|
|a y j 000zy
|
| 200 |
1 |
|
|a Обсуждаем актуальные проблемы. Практикум по общественно-политической лексике на английском языке
|f Е. А. Бонди
|
| 210 |
|
|
|a Москва
|c Высшая школа
|d 1985
|
| 215 |
|
|
|a 191 с.
|
| 606 |
1 |
|
|a Английский язык
|x Учебные руководства и пособия
|x Пособия по развитию речи, разговорники
|2 stltpush
|3 (RuTPU)RU\TPU\subj\29074
|9 52486
|
| 610 |
1 |
|
|a общественно-политическая литература
|
| 610 |
1 |
|
|a переводы
|
| 610 |
1 |
|
|a лексика
|
| 610 |
1 |
|
|a чтение
|
| 610 |
1 |
|
|a устная речь
|
| 610 |
1 |
|
|a упражнения
|
| 686 |
|
|
|a Ш143.21-923.4
|v LBC/SL-A
|2 rubbk
|
| 700 |
|
1 |
|a Бонди
|b Е. А.
|g Евгений Александрович
|4 070
|
| 801 |
|
0 |
|a RU
|b RuMRKP
|c 19950704
|g psbo
|
| 801 |
|
1 |
|a RU
|b 63413507
|c 20141101
|
| 801 |
|
2 |
|a RU
|b 63413507
|c 20170323
|g RCR
|
| 942 |
|
|
|c BK
|